Shakespeare nunca lo hizo / (Record no. 15064)

MARC details
000 -LEADER
campo de control de longitud fija 00939nam a2200277 i 4500
001 - NÚMERO DE CONTROL
campo de control 15064
003 - IDENTIFICADOR DE NÚMERO DE CONTROL
campo de control ES-MaACL
005 - FECHA Y HORA DE LA ÚLTIMA TRANSACCIÓN
campo de control 20230906150957.0
007 - CAMPO FIJO DE DESCRIPCIÓN FÍSICA--INFORMACIÓN GENERAL
campo de control de longitud fija t|
008 - DATOS DE LONGITUD FIJA--INFORMACIÓN GENERAL
campo de control de longitud fija 991215s1999 sp ||||1| spa d
020 ## - NÚMERO INTERNACIONAL ESTÁNDAR DEL LIBRO
Número Internacional Estándar del Libro 84-339-2378-1
080 ## - NÚMERO DE LA CLASIFICACIÓN DECIMAL UNIVERSAL
Número de la Clasificación Decimal Universal 821.111(73)-14"19"
080 ## - NÚMERO DE LA CLASIFICACIÓN DECIMAL UNIVERSAL
Número de la Clasificación Decimal Universal 821.111(73)-94"19"
100 1# - ENTRADA PRINCIPAL--NOMBRE DE PERSONA
Nombre de persona Bukowski, Charles.
9 (RLIN) 32490
245 10 - MENCIÓN DEL TÍTULO
Título Shakespeare nunca lo hizo /
Mención de responsabilidad, etc. Charles Bukowski ; traducción del texto en prosa de Laura Sanjuán y Jordi de Miguel ; traducción de los poemas de Txaro Santoro y Cecilia Ceriani.
260 ## - PUBLICACIÓN, DISTRIBUCIÓN, ETC.
Lugar de publicación, distribución, etc. Barcelona :
Nombre del editor, distribuidor, etc. Anagrama,
Fecha de publicación, distribución, etc. [1999]
300 ## - DESCRIPCIÓN FÍSICA
Extensión 160 p. :
Otras características físicas il. ;
Dimensiones 22 cm.
490 1# - MENCIÓN DE SERIE
Mención de serie Contraseñas ;
Designación de volumen o secuencia 178
700 1# - ENTRADA AGREGADA--NOMBRE PERSONAL
Nombre de persona Sanjuán, Laura.
9 (RLIN) 103159
700 1# - ENTRADA AGREGADA--NOMBRE PERSONAL
Nombre de persona Miguel, Jordi de.
9 (RLIN) 81011
700 1# - ENTRADA AGREGADA--NOMBRE PERSONAL
Nombre de persona Santoro, Txaro.
9 (RLIN) 103461
700 1# - ENTRADA AGREGADA--NOMBRE PERSONAL
Nombre de persona Ceriani, Cecilia.
9 (RLIN) 37519
830 0# - PUNTO DE ACCESO ADICIONAL DE SERIE-TÍTULO UNIFORME
Título uniforme Contraseñas ;
Designación de volumen o secuencia 178
9 (RLIN) 179727
852 ## - LOCALIZACIÓN
Ubicación ES-MaACL
Número de control de estantería L-22435
Sublocalización o colección R.127636
Holdings
Estatus retirado Estado de pérdida Estado de daño No para préstamo Biblioteca de origen Biblioteca actual Ubicación en estantería Fecha de adquisición Fuente de adquisición Total de préstamos Signatura topográfica completa Código de barras Visto por última vez Precio de reemplazo Tipo de ítem Koha
        Biblioteca del Ateneo de Madrid Biblioteca del Ateneo de Madrid Depósito 2 17/01/2008     L-22435 1015319 23/02/2023 23/02/2023 Libro impreso